000
00340nam a2200133Ia 4500
008
231129s9999||||xx |||||||||||||| ||spa||
020
_a
84-7291-690-1
040
_b
spa
082
_a
194 B499r
100
_a
Bergson Henri
245
0
_a
La risa
264
_a
Madrid EspaƱa: Sarpe
942
_2
ddc
_c
BKS
999
_c
18153
_d
18153